Olvidos del tintero (Record no. 9367)

MARC details
000 -LEADER
campo de control de longitud fija 00773nam a2200229 i 4500
001 - NÚMERO DE CONTROL
campo de control 9367
003 - IDENTIFICADOR DE NÚMERO DE CONTROL
campo de control ES-MaACL
005 - FECHA Y HORA DE LA ÚLTIMA TRANSACCIÓN
campo de control 20250731034200.0
007 - CAMPO FIJO DE DESCRIPCIÓN FÍSICA--INFORMACIÓN GENERAL
campo de control de longitud fija t|
008 - DATOS DE LONGITUD FIJA--INFORMACIÓN GENERAL
campo de control de longitud fija 930817s1975 sp |||| |dspa d
020 ## - NÚMERO INTERNACIONAL ESTÁNDAR DEL LIBRO
Número Internacional Estándar del Libro 84-400-8657-1
080 ## - NÚMERO DE LA CLASIFICACIÓN DECIMAL UNIVERSAL
Número de la Clasificación Decimal Universal 061.21(460.27)Ateneo(091)
100 1# - ENTRADA PRINCIPAL--NOMBRE DE PERSONA
Nombre de persona Martínez Gómez, Juan
9 (RLIN) 78124
245 10 - MENCIÓN DEL TÍTULO
Título Olvidos del tintero
Resto del título : 2ª parte de Cincuenta años al servicio del Ateneo de Madrid /
Mención de responsabilidad, etc. por Juan Martínez Gómez (Juanito).
260 ## - PUBLICACIÓN, DISTRIBUCIÓN, ETC.
Lugar de publicación, distribución, etc. Madrid :
Nombre del editor, distribuidor, etc. [El autor,
Fecha de publicación, distribución, etc. 1975]
300 ## - DESCRIPCIÓN FÍSICA
Extensión 123 p. ;
Dimensiones 17 cm.
610 24 - PUNTO DE ACCESO ADICIONAL DE MATERIA--NOMBRE DE ENTIDAD CORPORATIVA
Nombre de entidad corporativa o nombre de jurisdicción como elemento de entrada Ateneo de Madrid-
Subdivisión de forma Historia-
-- Relatos personales
9 (RLIN) 1926
780 00 - ENLACE A UN TÍTULO/ENTRADA ANTERIOR
Título Cincuenta años al servicio del Ateneo de Madrid
852 ## - LOCALIZACIÓN
Ubicación ES-MaACL
Número de control de estantería L-16976
852 ## - LOCALIZACIÓN
Ubicación ES-MaACL
Número de control de estantería E-8770
Holdings
Estatus retirado Estado de pérdida Estado de daño No para préstamo Colección Biblioteca de origen Biblioteca actual Ubicación en estantería Fecha de adquisición Fuente de adquisición Total de préstamos Signatura topográfica completa Código de barras Visto por última vez Precio de reemplazo Tipo de ítem Koha
        Fondo Ateneo de Madrid Biblioteca del Ateneo de Madrid Biblioteca del Ateneo de Madrid Depósito 2 17/01/2008     E-8770 1009559 23/02/2023 23/02/2023 Libro impreso
        Fondo Ateneo de Madrid Biblioteca del Ateneo de Madrid Biblioteca del Ateneo de Madrid Depósito 2 17/01/2008     L-16976 1009558 23/02/2023 23/02/2023 Libro impreso